[Event "CAN Zonal playoff blitz"]
[Site "Montreal"]
[Date "2017.07.01"]
[Round "2"]
[White "Sambuev, Bator"]
[Black "Noritsyn, Nikolay"]
[Result "1-0"]
[WhiteElo "2513"]
[BlackElo "2473"]
[Annotator "John Upper"]
[PlyCount "127"]
[EventDate "2017.07.01"]
[EventType "match (blitz)"]
[EventRounds "2"]
[EventCountry "CAN"]
[SourceTitle "ChessCanada"]
[Source "CFC"]
[SourceDate "2020.02.14"]
[SourceVersion "1"]
[SourceVersionDate "2020.02.14"]
[SourceQuality "1"]

{[%mdl 32768] After White won all four games in the rapid part of the play-off
, the title was determined by a single blitz game. I've given detailed notes
because the game -- around move 11-13 but especially the endgame from moves
37-50 -- is fascinating, and could make excellent challenging analysis
material.} 1. Nf3 d5 2. d4 c6 3. c4 e6 4. Nc3 Nf6 5. Bg5 Nbd7 6. cxd5 exd5 7.
e3 Be7 8. Bd3 O-O 9. O-O Re8 10. Qc2 {[#]A standard QGD exchange position.
Black usually continues ...Nf8 and ...g6 to exchange the LSB (see Bruzon -
Sulskis, below). White often plays for a minority attack (b2-b4-b5), which
Black discourages with his next move.} a5 (10... h6 11. Bf4 Nf8 12. Ne5 Nh5 13.
Bg3 Nxg3 14. hxg3 Bf6 15. f4 Bxe5 $6 16. fxe5 Bg4 17. Rf4 Qd7 18. Raf1 Re7 19.
b4 Be6 20. R4f2 $11 {(1-0, 41) Marshall,F-Spielmann,R Moscow, 1925.}) ({
10...a5 stops this} 10... Nf8 11. Bxf6 Bxf6 12. b4 {though Black has scored
very well after} Bg4 13. Nd2 Rc8 ({or this} 13... Be7) 14. Bf5 Bxf5 15. Qxf5
Qd7 (15... g6 $1) 16. Qxd7 Nxd7 17. a4 $14 {(1-0, 71) Kortschnoj,V (2665)
-Karpov,A (2725) WCh, Baguio City, 1978.}) 11. Ne5 {Black having spent a tempo
to slow a minority attack, White goes for a Pillsbury-style kingside attack
instead.} (11. Rae1 g6 12. Bf4 Nf8 13. h3 Ne6 14. Bh2 Ng7 15. Ne5 Bf5 16. f3
Bxd3 17. Nxd3 $11 {Bruzon Batista,L (2648)-Sulskis,S (2518) Calvia, 2006 (1-0,
60).}) 11... Nf8 (11... Nxe5 $1 {looks like a surpisingly good temporary pawn
sac} 12. dxe5 Ng4 $1 (12... Ne4 $2 13. Bxe4 dxe4 14. Rad1 Qb6 (14... Qc7 $2 15.
Nd5 $1 $18) 15. Bxe7 Rxe7 16. Qxe4 $16) 13. Bxh7+ Kh8 14. Bf4 Bf8 $11 (14...
Bh4 $5)) 12. f4 N6d7 (12... Ng4 $5) 13. Bxe7 Qxe7 14. Rf3 f6 $6 (14... Nb6 {
threatens to trap the Ne5 with ...f6.} 15. f5 $1 Nfd7 16. Ng4 Qg5 17. h3 $14)
15. Nxd7 $14 Bxd7 {[#]} 16. h3 (16. f5 $14 {is the typical space-gaining push
in these structures, aiming to follow with e4.}) 16... g6 17. g4 Qd6 18. Qf2 (
18. f5 gxf5 19. gxf5 $1 $16 {[%csl Rd7,Rf8][%cal Gc2h2,Gg1h1,Ga1g1] White's
pieces can get to the kingside faster than Black's.}) 18... Ne6 19. Kh1 c5 20.
Rg1 cxd4 21. exd4 {[#]} Nf8 $2 {Defends the light squares against h4-h5, but
has no future after f4-f5.} (21... Nd8 $14) 22. h4 Re7 (22... h6 23. h5 $16)
23. f5 $1 g5 24. hxg5 fxg5 {[#] White has a huge advantage: the protected
passer on f5 dominates Black's minors, and Black's h- and g-pawns can be
targeted.} 25. f6 $2 {This secures connected passed pawns, but allows Black's
N and B good squares which blockade the passers. Stockfish rates this as
equivalent to a two-pawn error.} (25. Kg2 $16 {[%cal Gg1h1,Gg1e1] prepares
Rh1-h5 tying Black to the defence of the g- and h-pawns.}) 25... Rf7 26. Qe3
Ne6 $1 27. Qe5 Qxe5 $1 28. dxe5 Bc6 29. Kh2 Re8 30. Rf5 {[#]} h6 (30... Nc5 $3
$13 {a fantastic pawn sac} 31. Rxg5+ Kf8 32. Bb5 (32. Bc2 d4 $13) 32... Nd7 $1
33. Re1 h6 $1 34. Rf5 (34. Rh5 $2 Nxf6 $17) 34... Nxf6 $13) 31. Ne2 $2 (31. Nb5
$1 $16 {heading for d6, and} Bxb5 32. Bxb5 Rd8 33. Kg3 $1 {preparing Rh1 (and
Bd3 if ...Kh7).}) 31... Nc5 32. Nd4 {[#]} Bd7 (32... Nxd3 33. e6 Nf4 34. exf7+
Kxf7 $13 {White has an exchange for a pawn, but how does he free his Rf5?}) 33.
Bb5 $8 $16 Bxb5 34. Nxb5 Nd3 35. Nd6 Rxe5 36. Nxf7 Kxf7 {[#]} 37. Rd1 $2 (37.
Rgf1 $1 Rxf5 ({Grabbing pawns but leaving White with two Rs loses:} 37... Re2+
38. Kg3 Rxb2 39. Rxd5 Nf4 40. Rd6 $18 {and brings the R to the e-file.}) 38.
Rxf5 Nf4 39. Kg3 $18 {Black will run out of moves, and have to allow the R out
by moving his N or d5 pawn.}) 37... Rxf5 $8 38. gxf5 Nf4 {[%mdl 4096] [#] To
me, White looks totally busted; but Stockfish and Leela rate this position as
equal because White has a very nice way to activate his R and pawns...} 39. Rc1
$6 (39. a4 $1 Kxf6 40. b4 $1 b6 (40... axb4 $4 41. Rd4 $18) 41. Rc1 Kxf5 42.
Rc6 $8 d4 43. Rxb6 Nd5 $1 44. Rb5 (44. bxa5 Nxb6 45. axb6 d3 46. b7 $11) 44...
Ke4 45. bxa5 d3 46. a6 d2 47. Rxd5 $8 Kxd5 48. a7 $11) 39... Kxf6 40. Rc7 $2 (
40. b4 $142) 40... d4 41. Rxb7 d3 $19 42. Rd7 (42. b4 $5 axb4 $8 (42... d2 43.
Rd7 $18) 43. Rxb4 Kxf5 44. a4 Ke5 $19) 42... Kxf5 $19 43. Kg3 {[%mdl 64] [#]
Critical Position Pretend this is an endgame study and find Black's most
elegant win.} Ke4 {Good enough, but} (43... Ke6 $3 {is both pretty and
immediately decisive. Leaving the d-file allows ...d2 and promotion, but} 44.
Rd8 Ke7 $1 $19 {and the R runs out of safe squares on the d-file!}) 44. Kf2 h5
45. a4 h4 46. b4 {White's only try. Black is winning, but it's difficult. And
at blitz time control, and after 9 rounds in the Zonal followed by 4 rounds of
rapid, it would be nearly superhuman. The game degenerates into a series of
blunders.} axb4 $4 (46... g4 $8 $19 47. bxa5 g3+ $8 48. Ke1 (48. Kg1 {allows a
Ne2+ controlling the promotion square.}) 48... h3 49. a6 h2 $19) 47. a5 $11 {
[#]} h3 $4 (47... b3 $8 $11 48. a6 b2 49. a7 Nh3+ $8 50. Kg2 Nf4+ $8 51. Kh2
b1=Q 52. a8=Q+ Ke3 53. Re7+ $8 Kf2 54. Qa7+ $8 Kf3 55. Re3+ Kg4 $8 56. Qd7+ Kh5
57. Qh7+ Kg4 58. Qd7+ $11) 48. a6 $18 h2 49. Rh7 $4 (49. a7 $18 Nd5 50. a8=Q
h1=Q 51. Qxd5+ {skewers the new Q.}) 49... d2 $8 $11 50. a7 {[#]} d1=R {
Of course, this is not the move Black intended. He couldn't find a spare Q,
and put an upside-down R on the board. The Arbiter stopped the game, explained
that an upside-down R is still a R, and the game continued...} (50... d1=Q $11)
51. a8=Q+ Nd5 52. Rxh2 Rd2+ 53. Kg3 Rd3+ 54. Kg4 Kd4 55. Qa7+ Kc4 56. Qa6+ Kd4
57. Qa1+ Nc3 58. Rh8 Kc4 59. Qb2 Rd4+ 60. Kxg5 Rd5+ 61. Kg6 Rd6+ 62. Kf7 Rd7+
63. Ke6 Rc7 64. Rh4+ 1-0

[Event "2017 CYCC - U18"]
[Site "Sault Ste. Marie"]
[Date "2017.07.09"]
[Round "6"]
[White "Zhong, Joey"]
[Black "Doknjas, John"]
[Result "0-1"]
[WhiteElo "2156"]
[BlackElo "2281"]
[Annotator "John Doknjas"]
[PlyCount "62"]
[EventDate "2016.07.11"]
[EventType "swiss"]
[EventRounds "7"]
[EventCountry "CAN"]
[SourceTitle "ChessCanada"]
[Source "CFC"]
[SourceDate "2020.02.14"]
[SourceVersion "1"]
[SourceVersionDate "2020.02.14"]
[SourceQuality "1"]

{[%mdl 32768] Before this game I had 3.5 pts./5 games, while my opponent had 4.
5 pts./5 games (having drawn his first game in the previous round). I knew
that I had to win this game if I wanted a shot at First Place - drawing would
leave me a full point behind. After winning my last game, I now had a very
real chance to come first in the tournament. Before this game I spent some
time reviewing 1.e4 and English lines. And once again I was surprised early on.
..} 1. d4 {Didn't I just face this?} Nf6 2. c4 c5 {Unlike my previous game
with Caleb Petersen, this time I didn't think much before playing this move.
While 1. d4 is not Joey's main opening, he has played it in the past. If I
tried some defence other than the Benoni, he would probably know it better
than me (considering I had not prepared much for 1. d4 before the game).} 3. d5
e6 4. Nc3 exd5 5. cxd5 d6 6. Nf3 {Signifying that he intends to play some
solid line, avoiding sharp variations. My opponent's decision could have been
due to his one point lead in the tournament at this point. However, danger has
a way of seeping into all types of Benoni positions - this game was no
exception.} g6 7. Bf4 {[#] An interesting line that has gained some popularity
recently. White plans to move his e-pawn to e3, in order to prevent Black from
having a clear target in the center. White will also play h3, in order to give
the f4 Bishop a safe home on h2. From this square, it will bear down on the
backward d6-pawn.} Bg7 $5 {Objectively, this is not the best move. I was
taking a chance on the fact that my opponent had mainly prepared for 7...a6,
which I have played in the past. Judging by his fairly long think, my risk
paid off.} (7... a6 {The main move.} 8. a4 Bg7 9. h3 O-O 10. e3 Qe7 11. Be2
Nbd7 12. O-O Ne8 {With a playable position - both White and Black can play on
all sides of the board.}) 8. h3 $6 {White cannot treat this 7...Bg7 line the
same way he would treat 7...a6. The drawback of excluding ...a6 must be taken
advantage of:} (8. Qa4+ Bd7 9. Qb3 Qc7 10. e4 {With a sharp, unbalanced game.
This kind of position would provide both sides with winning chances -
something that would be good for me and not my opponent (given our current
standings in the tournament).}) 8... O-O 9. e3 Na6 $1 {The advantage of
excluding not playing .. .a6! Black is now able to prepare the ...b5 push
quickly. It is important to note that Black can get away with playing ...Na6,
since White is not being aggressive yet in the center.} (9... a6 10. a4 {
Transposing into the 7...a6 line.}) 10. Be2 Nc7 11. O-O {[#]} Re8 {A
prophylactic move - I do not want White pushing his pawn to e4 and then to e5.}
(11... Rb8 $6 12. e4 $1 b5 $2 13. e5 $36) 12. Bh2 {Prophylaxis in return! It
is not often this type of play is seen by both sides in the Benoni.} a6 {
Following the plan of pushing ...b5} (12... b6 $5 {Another idea, with the plan
of playing 13...Bb7 and trying to win the isolated d5 pawn. In the game I was
hoping to push ...b5 and play ...Bb7, but in retrospect it was foolish to hope
for this.} 13. Qb3 Bb7 14. Rad1 Ne4 $36) 13. a4 Rb8 $2 (13... b6 $1 {Playing
this move was better, in order to stop White from playing 14. a5. In the game
I was afraid of Qb3 ideas, and figured I needed to play ...b5 as soon as
possible. It is obvious now that my fears were just ghosts, likely created by
me spending far too much time thinking.} 14. Qb3 Rb8 {Black is very
comfortable - White lacks a constructive plan.}) 14. a5 {[#]} b5 $5 {Now both
sides get play on the Queenside.} (14... Bf5 {Perhaps this sort of development
was more sensible. I was so wrapped up in the ...b5 plan that I didn't spend
much time considering other moves.}) ({editor - trading a pair of minors with} 
14... Ne4 {is sensible too.}) 15. axb6 Rxb6 16. Nd2 $1 {Immediately taking
advantage of Black's somewhat premature burst of activity.} Bf8 {Now White has
a strong initiative.} (16... Rxb2 $5 17. Nc4 Rxe2 {I missed this idea during
the game.} 18. Qxe2 Nfxd5 19. Nxd5 Nxd5 20. Nxd6 Re6 21. Rad1 Rxd6 $13 22. Bxd6
Qxd6 23. Qf3 $16 {But White is better nonetheless.}) 17. Nc4 Rb4 $6 {A move
without a plan. The Rook is just a target on b4, and it ruins ideas I have
with playing ...Nb5.} 18. b3 $1 {A strong defensive move, solidifying
operations on the Queenside.} Rb8 {[#] Better late than never...} 19. Bf3 $2 {
This allows me counterplay.} (19. Na5 $1 {This would have given White a near
decisive advantage.} Bd7 20. Nc6 Bxc6 21. dxc6 Rb6 22. Bf3 $16 {Two Bishops, a
protected passed pawn on c6, and better piece coordination. White's advantage
is obvious.}) 19... Nb5 $1 20. Na4 $2 {Missing the Na5 idea once again:} (20.
Nxb5 $1 axb5 21. Na5 Qc7 22. Nc6 $16) 20... Bf5 {[#] Black's cramped position
begins to finally unravel - now both sides have equal chances. Psychologically,
this change in events gave me a mental boost. On the other hand, these changes
were probably affecting my opponent in the opposite way. Mental states are one
of the most important factors in time pressure (we were both approaching low
time). The quality of how well you think can decide the game with only a few
minutes left.} 21. Nab2 $6 {Buckling a bit under the pressure, and allowing
Nb5 to jump to c3.} (21. Qd2 {This standard developing move was better, when
the game should be roughly equal. Sometimes it is hard to just play quiet
moves in a position like this.}) 21... Nc3 22. Qe1 Rxb3 $36 23. Rxa6 (23. Na5
$5 {Another option, which values having activity over a pawn. In the time
scramble, this may have been the better practical choice.} Rxb2 24. Qxc3 Rc2
25. Qa3 $44 {26. Nc6 is coming, and it is unclear how Black should answer it.})
{[#]} 23... Nb5 $6 {Throwing away my advantage.} (23... Nfxd5 $1 {I didn't
play this during the game because I was worried about my d6-pawn falling.} 24.
Bxd5 Nxd5 25. Qd1 Nb4 $3 $15 {I missed this clever idea during the game. The
attacked Nd5 is moved to safety, and Ra6 is kicked from the 6th rank.}) 24. Bd1
$2 {White should have immediately dealt with his Knights, which are in peril.}
(24. Qc1 $1 {Protecting both Knights, and keeping the game in balance.}) ({
editor - or} 24. Qd2) 24... Rb4 {Now the Knights are paralyzed, due to each
other.} 25. Ba4 $1 {Going for counterplay - the correct choice in a time
scramble. At this point my opponent was much lower than me on time - I think
he only had a couple minutes left.} (25. Bf3 $6 Be4 {Now White will lose the
d5 pawn and have little counterplay.}) 25... Nxd5 26. Bxb5 {Diverting the Rook
from its post on b4, where it keeps the White Knights in stasis.} Rxb5 {[#]}
27. Nxd6 $5 {Going for broke - if White did not do this then he would be down
a pawn and have a worse position.} (27. Qd2 $6 {Objectively better, but too
passive.} Nb6 $17) 27... Rxb2 28. Nxe8 Bd3 $5 {My opponent was playing purely
on 30 second increment at this point, and so I decided to take a risk with
this move. I guessed that he would not have time to find 29. Qa5, which causes
me some problems. A move like 28...Bd3 causes a player to spend valuable time
reassessing the position - it is extremely difficult to find the best move
with the remaining seconds.} (28... Qxe8 {Safer, but leading to a position
which I thought could be difficult to win. In retrospect, the position doesn't
look too difficult to win, but I was not thinking clearly in the time scramble.
}) 29. Qa1 $2 {Curiously, after this move all of White's attacked pieces are
captured.} (29. Qa5 $1 Qxe8 30. Ra8 {In my calculations I didn't really like
this position - after all, it seemed like a worse version of the 28...Qxe8
line. However, I knew this position would probably be winning after some hard
work.}) 29... Bxa6 30. Qxb2 Bxf1 31. Kxf1 Qxe8 {A very tense game, right down
to the end! This was the penultimate round, and winning put me in the lead
with Joey and Diwen Shi. I ended up winning my last game, while Joey and Diwen
drew playing each other. I've played in the CYCC every year since 2007 when it
was in Ottawa. Winning the National Championship was a nice way to finish off
my last Canadian Youth Chess Championship.} 0-1

[Event "CYCC U08 w"]
[Site "Sault Ste-Marie CAN"]
[Date "2017.07.08"]
[Round "5"]
[White "Ma, Lily"]
[Black "Gao, Lucy"]
[Result "0-1"]
[WhiteElo "820"]
[BlackElo "1167"]
[Annotator "John Upper"]
[PlyCount "108"]
[EventDate "2017.07.06"]
[EventType "swiss"]
[EventRounds "9"]
[EventCountry "CAN"]

1. e4 e5 2. Nf3 Nc6 3. Bc4 Bc5 4. c3 Nf6 5. d4 exd4 6. cxd4 Bb4+ 7. Nc3 {
[#]The sharpest, but possibly not objectively sound. Both Bd2 and Nbd2 are
reasonable.} Nxe4 (7... d5 $6 {was the start of one of the most famous games
in chess history:} 8. exd5 Nxd5 9. O-O Be6 10. Bg5 Be7 11. Bxd5 Bxd5 12. Nxd5
Qxd5 13. Bxe7 Nxe7 14. Re1 f6 15. Qe2 Qd7 16. Rac1 c6 $2 {[#]Analysis Diagram:
The remainder is a great example of power play and excellent calculation:} (
16... Kf7 $142) 17. d5 $1 {clearance sac} cxd5 18. Nd4 Kf7 19. Ne6 Rhc8 20. Qg4
g6 21. Ng5+ Ke8 22. Rxe7+ Kf8 23. Rf7+ Kg8 24. Rg7+ Kh8 25. Rxh7+ {and Black
left the tournament hall rather than resign or let the spectators enjoy this:}
(25. Rxh7+ {1-0 Steinitz,W-Von Bardeleben,C Hastings, 1895.}) 25... Kg8 26.
Rg7+ Kh8 (26... Kf8 27. Nh7+ Kxg7 28. Qxd7+ $18) 27. Qh4+ Kxg7 28. Qh7+ Kf8 29.
Qh8+ Ke7 30. Qg7+ Ke8 31. Qg8+ Ke7 32. Qf7+ Kd8 33. Qf8+ Qe8 34. Nf7+ Kd7 35.
Qd6#) 8. O-O {[#]} Bxc3 ({No Italian game analysis is complete without at
least one classic example of "Black gets greedy":} 8... Nxc3 9. bxc3 Bxc3 (9...
d5 $142) 10. Qb3 (10. Ba3 $1) 10... Bxa1 $2 (10... d5 $1 $16) 11. Bxf7+ $18 Kf8
12. Bg5 $1 Ne7 (12... Nxd4 13. Qa3+ $18) 13. Ne5 (13. Re1 $1) 13... Bxd4 14.
Bg6 $1 d5 15. Qf3+ $8 Bf5 16. Bxf5 Bxe5 17. Be6+ Bf6 18. Bxf6 Ke8 19. Bxg7 {
1-0 Greco,G-NN Rome, 1620.}) 9. d5 {The Møller Attack} Ne5 (9... Bf6 {also
scores well for Black.}) 10. bxc3 Nxc4 11. Qd4 {[#]} Ncd6 ({Bologan's Black
Weapons in the Open Games (NiC, 2014) continues:} 11... O-O $1 12. Qxe4 Nd6 13.
Qf4 Ne8 14. Re1 (14. d6 Nxd6 15. Ba3 b6 16. Rad1 Ba6 17. Rfe1 Re8 18. Bxd6 cxd6
19. Rxe8+ Qxe8 $17 {(0-1, 51) Leygue,D (2242)-Flear,G (2503) France, 2003.})
14... d6 15. Qg3 Qd7 16. h3 Qf5 {when White still has something to prove.}) (
11... f5 $5 {is the neural nets' first choice, and is also the line
recommended in Fred Reinfeld's "Complete Chess Course"!?} 12. Qxc4 (12. Bg5 $4
Nxg5 $19 13. Qxg7 Rf8 $8 14. Nxg5 Qf6 $8 15. Rfe1+ Kd8 $8 16. Qxf6+ Rxf6 17.
Re2 h6 $19 {(0-1, 22) Schlechter,C-Lasker,E London International, 1899.}) 12...
d6 13. Nd4 (13. Qb5+ $2 Qd7 $17 14. Qd3 O-O 15. Re1 Qf7 16. c4 Bd7 17. Bb2 Rae8
18. h4 h6 19. Rab1 Re7 20. Qd4 b6 21. Re2 Rfe8 {with a position that resembles
a Budapest Gambit, but where White is down a pawn and does not have the B-pair;
Black is winning, but (½-½, 49) after mutual blunders in Estrin,Y-Ravinsky,G
Moscow Ch., 1953.}) 13... O-O 14. f3 Nc5 15. Ba3 b6 16. Bxc5 $8 $15 {Black is
a bit better after either recapture.}) 12. Qxg7 Qf6 {[#]} 13. Bh6 $4 {After
this it's over.} ({Despite being a piece down, Black's exposed K and weak dark
squares leave White with full comp after trading Qs:} 13. Qxf6 $8 $14 Nxf6 14.
Re1+ {King moves are objectively bad, but they force White to find the win:}
Kd8 $2 (14... Nfe4 $1 {best, but obviously returns the piece:} 15. Nd2 f5 16.
f3 $14) (14... Kf8 $2 15. Bh6+ $8 $18 Kg8 16. Re5 $18 Nfe4 (16... Nde4 17. Nd2
$1 d6 18. Nxe4 dxe5 19. Nxf6#) 17. Re1 f5 18. Re7 $1 b6 19. Nh4 {simplest!} Bb7
20. Rg7+ Kf8 21. Rxh7+ Kg8 22. Rg7+ {1-0 Hou,Q (2284)-Kislik,E (2347) Budapest,
2011.}) 15. Bg5 $8 $18 Nde8 16. Rxe8+ $3 (16. Ne5 $1 Rf8 17. Ng4 $18) 16...
Kxe8 17. Re1+ Kf8 18. Bh6+ Kg8 19. Re5 {and Rg5# or Re8#, 1-0 Greco,G-NN Rome,
1620.}) 13... Qxg7 14. Bxg7 Rg8 {[#]} 15. Be5 f6 $1 {Forces the B to move and
makes a safe square on f7. Black is winning, and doesn't make any mistake.} 16.
Bxd6 Nxd6 17. Rfe1+ Kf7 18. Re2 b6 19. Rae1 Re8 20. h4 Rxe2 21. Rxe2 Ba6 22.
Rd2 Ne4 23. Rc2 Bc4 24. g4 Bxd5 25. g5 fxg5 26. hxg5 d6 27. c4 Bb7 28. Kh2 Kg6
29. Kh3 Nxg5+ 30. Nxg5 Kxg5 31. Kg3 Rf8 32. Re2 Rf3+ $1 33. Kh2 Kf6 {No play
for you!} 34. Kg1 h5 35. Re8 Kf7 36. Rh8 Rh3 37. Kf1 Kg7 38. Re8 Bf3 $1 39.
Re7+ Kf6 40. Ke1 Kxe7 41. Kd2 h4 42. a4 Rh1 43. Ke3 Rg1 {The h-pawn pormotes
whether or not Black saves the B, and allowing White to take it might be a
good practical choice, as there would be one fewer attcking piece to cause a
stalemate.} 44. a5 h3 45. c5 h2 {Not even getting distraced by free pawns.} 46.
Kd4 dxc5+ 47. Ke5 h1=Q 48. Kf4 Rg4+ 49. Ke3 Qe1+ 50. Kd3 Rd4+ 51. Kc2 Qd1+ 52.
Kb2 Qd2+ 53. Kb3 Rb4+ 54. Ka3 Qb2# 0-1